KORKUSUZ RONALDO (Record no. 1174186)

MARC details
000 -LEADER
sabit uzunluktaki kontrol alanı 00238nam a2200097Ia 4500
001 - KONTROL NUMARASI
kontrol alanı 1174186
005 - EN SON İŞLEMİN TARİH VE ZAMANI
kontrol alanı 20250827012627.0
008 - SABİT-UZUNLUKTA VERİ ÖĞELERİ--GENEL BİLGİ
sabit uzunluktaki kontrol alanı 250824s9999 xx 000 0 und d
245 #0 - ESER / YAZAR
ESER ADI KORKUSUZ RONALDO
Yazar Adı DIEGO ROBERTO
260 ## - YAYIN, DAĞITIM, VB.
YAYIN EVİ DOKUZ ÇOCUK
Holdings
Düşüm durumu Kayıp durumu Hasar Durumu Ödünç verilmez Ana kütüphane Geçerli Kütüphane Edinilen tarih Toplam ödünç verme sayısı Barkod Son görüntüleme tarihi Son ödünç verme tarihi Fiyatın geçerli olmaya başladığı tarih Koha materyal türü
        ERDEM BAYAZIT ORTAOKULU ERDEM BAYAZIT ORTAOKULU 24.08.2025 2 10524013 12.03.2026 18.11.2025 27.08.2025 Books